Analiz sbereženij naselenija na starost'.
Intenzita procesu úspor obyvateľstva ZSSR na zabezpečenie v dôchodkovom veku (vytvorených z celkových príjmov preddôchodkového obdobia podľa normy úspor). Úspory mestského obyvateľstva. Úspory kolchozníkov. Faktory vplývajúce na úspornú činnosť obyvateľstva (inflácia, ekonomika) a na reálnu hodnotu...
Saved in:
| Main Author: | |
|---|---|
| Format: | Book Chapter |
| Language: | Russian |
| Subjects: | |
| Tags: |
No Tags, Be the first to tag this record!
|
MARC
| LEADER | 00000naa a2200000 4500 | ||
|---|---|---|---|
| 001 | r002746 | ||
| 005 | 20220818104616.0 | ||
| 041 | 0 | |a rus | |
| 044 | |a [SU] | ||
| 245 | 1 | 0 | |a Analiz sbereženij naselenija na starost'. |c D.A. Lukin |
| 520 | |a Intenzita procesu úspor obyvateľstva ZSSR na zabezpečenie v dôchodkovom veku (vytvorených z celkových príjmov preddôchodkového obdobia podľa normy úspor). Úspory mestského obyvateľstva. Úspory kolchozníkov. Faktory vplývajúce na úspornú činnosť obyvateľstva (inflácia, ekonomika) a na reálnu hodnotu úspor. | ||
| 610 | 2 | 0 | |a úspory obyvateľstva |
| 610 | 2 | 0 | |a inflácia |
| 610 | 2 | 0 | |a dôchodcovia |
| 610 | 2 | 0 | |a dôchodky starobné |
| 610 | 2 | 0 | |a sporiteľne |
| 610 | 2 | 0 | |a ZSSR |
| 100 | 1 | |a Lukin, D.A. | |